[Event "SIB - CMS 52nd National Premier & Zone 3.7 Chess C"]
[Site "CMS College, Kottayam"]
[Date "2014.12.08"]
[Round "4"]
[Board "6"]
[White "Vidit, Santosh Gujrathi"]
[Black "Rajesh, V A V"]
[Result "1-0"]
[WhiteElo "2625"]
[BlackElo "2408"]
[PlyCount "0"]
[EventDate "2014.12.05"]
[EventRounds "13"]
[EventCountry "IND"]

1. Nf3 Nf6 2. c4 g6 3. Nc3 d5 4. cxd5 Nxd5 5. Qb3 Nb6 6. d4 Bg7 7. e4 Bg4 8.
Bb5+ c6 9. Ng5 O-O 10. Be2 Bc8 11. h4 Qxd4 12. Be3 Qe5 13. h5 Be6 14. Nxe6 Qxe6
15. Qxe6 fxe6 16. hxg6 hxg6 17. Bg4 Kf7 18. Rh7 N8d7 19. O-O-O Rh8 20. Bxe6+
Kxe6 21. Rxg7 Rag8 22. Rxg8 Rxg8 23. b3 Nf6 24. a4 Ng4 25. Bc5 Nc8 26. f3 Nf6
27. Be3 Kf7 28. e5 Ne8 29. Ne4 Nc7 30. Rd7 Nd5 31. Bd4 Nf4 32. Kb1 Ne6 33. Be3
Nd8 34. a5 Ke6 35. Rc7 Nf7 36. Rxb7 Nxe5 37. a6 Nd3 38. Rb8 Rh8 39. Kc2 Ne1+
40. Kc3 Nxg2 41. Bxa7 Nf4 42. Bf2 Nd5+ 43. Kb2 1-0

[Event "SIB - CMS 52nd National Premier & Zone 3.7 Chess C"]
[Site "CMS College, Kottayam"]
[Date "2014.12.09"]
[Round "5"]
[Board "1"]
[White "Deepan, Chakkravarthy J."]
[Black "Vidit, Santosh Gujrathi"]
[Result "1/2-1/2"]
[WhiteElo "2489"]
[BlackElo "2625"]
[PlyCount "0"]
[EventDate "2014.12.05"]
[EventRounds "13"]
[EventCountry "IND"]

1. d4 Nf6 2. c4 g6 3. Nc3 d5 4. cxd5 Nxd5 5. Nf3 Bg7 6. e4 Nxc3 7. bxc3 c5 8.
Be3 Qa5 9. Nd2 cxd4 10. Bxd4 O-O 11. Bxg7 Kxg7 12. Qb3 Rd8 13. Bb5 Nc6 14. Qb2
Ne5 15. a4 a6 16. Be2 Bg4 17. Nb3 Qc7 18. O-O Bxe2 19. Qxe2 Qxc3 20. Rab1 Rac8
21. h3 Nd3 22. Qe3 Qe5 23. f4 Qc3 24. Kh2 Rc4 25. Nd2 Rb4 26. Nf3 Rxb1 27. Rxb1
Qc5 28. Qxc5 Nxc5 29. Rc1 Nxe4 30. Rc7 Nd6 31. Rxe7 Kf6 32. Re2 Re8 33. Ne5 h5
34. g4 hxg4 35. hxg4 b5 36. Rc2 Rc8 37. Rd2 Nc4 38. Rc2 g5 39. axb5 axb5 40.
Kg3 Nd6 41. Rxc8 Nxc8 42. Nf3 gxf4+ 43. Kxf4 Nd6 44. Ke3 Ke6 45. Kd4 Nb7 46.
Ng5+ Ke7 47. Kd5 Nd8 48. Nf3 Ne6 49. g5 Kd8 50. g6 Nc7+ 51. Kc5 fxg6 52. Ne5
Kc8 53. Nxg6 Kb7 54. Ne7 Ka6 55. Kb4 Ne6 56. Nd5 Nd4 57. Nc7+ Kb6 58. Nxb5 Nxb5
 1/2-1/2

[Event "SIB - CMS 52nd National Premier & Zone 3.7 Chess C"]
[Site "CMS College, Kottayam"]
[Date "2014.12.09"]
[Round "5"]
[Board "2"]
[White "Shyam, Nikil P."]
[Black "Kunte, Abhijit"]
[Result "1/2-1/2"]
[WhiteElo "2454"]
[BlackElo "2480"]
[PlyCount "0"]
[EventDate "2014.12.05"]
[EventRounds "13"]
[EventCountry "IND"]

1. e4 c5 2. Nf3 e6 3. c3 Nf6 4. e5 Nd5 5. Bc4 d6 6. d4 cxd4 7. cxd4 Be7 8. O-O
O-O 9. Qe2 b6 10. Nbd2 Nc6 11. a3 Bb7 12. Ne4 dxe5 13. dxe5 Qc7 14. Neg5 h6 15.
Nh3 Na5 16. Bd3 Nb3 17. Rb1 Rac8 18. Bd2 Rfd8 19. Rfe1 Bf8 20. Rbd1 g6 21. Nf4
Nxd2 22. Qxd2 Nxf4 23. Qxf4 Bxf3 24. Qxf3 Bg7 25. Qe2 Qxe5 26. Qxe5 Bxe5 27. b3
Bd6 28. Ba6 Rc3 29. Bc4 Kf8 30. a4 Ke7 31. g3 Bc5 32. Rxd8 Kxd8 33. Kg2 Ke7 34.
f4 Kf6 35. h3 g5 36. Rf1 Rc2+ 37. Kf3 gxf4 38. gxf4 Rc3+ 39. Kg4 Bd6 40. Rf3
h5+ 41. Kg3 Rc1 42. Rf1 Rc2 43. Kh4 Rc3 44. Kxh5 Kf5 45. Kh6 Rg3 46. h4 Bxf4+
47. Kh7 Ke5 48. h5 Rg5 49. h6 Rg6 50. Rh1 Kf6 51. Rh3 Ke7 52. Bd3 Rg1 53. Rh4
Be3 54. Rh3 Bc1 55. Rf3 f5 56. Rh3 Kf6 57. Bb5 Bf4 58. Be8 Rc1 59. Bb5 Rc7+ 60.
Kg8 Rc8+ 61. Kh7 Rd8 62. Rh1 Kf7 63. Be2 Kf6 64. Bc4 Bg5 65. Bb5 a6 66. Be2 e5
67. Rh3 e4 68. Rc3 Rd7+ 69. Kg8 Bxh6 70. Rc6+ Kg5 71. Bxa6 Rg7+ 72. Kh8 Rg6 73.
Rc7 Bg7+ 74. Rxg7 Rxg7 75. Kxg7 f4 76. Bb7 Kf5 77. b4 f3 78. a5 bxa5 79. bxa5
Kf4 80. Bxe4 Ke5 1/2-1/2

[Event "SIB - CMS 52nd National Premier & Zone 3.7 Chess C"]
[Site "CMS College, Kottayam"]
[Date "2014.12.09"]
[Round "5"]
[Board "3"]
[White "Karthikeyan, P."]
[Black "Lalith, Babu M.R."]
[Result "1/2-1/2"]
[WhiteElo "2400"]
[BlackElo "2547"]
[PlyCount "0"]
[EventDate "2014.12.05"]
[EventRounds "13"]
[EventCountry "IND"]

1. e4 c6 2. d4 d5 3. e5 Bf5 4. Nf3 e6 5. Be2 Nd7 6. O-O h6 7. Nbd2 Ne7 8. c3 g5
9. b4 Qc7 10. a4 Bg7 11. Nb3 O-O 12. Ba3 f6 13. b5 Rfe8 14. Bd6 Qd8 15. exf6
Nxf6 16. Be5 Ng6 17. bxc6 bxc6 18. Nc5 Qe7 19. Bg3 Nh5 20. Ba6 Nxg3 21. hxg3
Rab8 22. Bd3 g4 23. Bxf5 exf5 24. Nd2 h5 25. Re1 Qf7 26. Rb1 f4 27. Rxb8 Rxb8
28. Qe2 Rb2 29. Rb1 Rxb1+ 30. Nxb1 Bf8 31. Nd2 Bd6 32. gxf4 Nxf4 33. Qe3 Kh7
34. Nd3 Kg7 35. Ne5 Bxe5 36. Qxe5+ Qf6 37. Qxf6+ Kxf6 38. Kf1 Ne6 1/2-1/2

[Event "SIB - CMS 52nd National Premier & Zone 3.7 Chess C"]
[Site "CMS College, Kottayam"]
[Date "2014.12.09"]
[Round "5"]
[Board "4"]
[White "Grover, Sahaj"]
[Black "Girinath, P.D.S."]
[Result "1/2-1/2"]
[WhiteElo "2505"]
[BlackElo "2333"]
[PlyCount "0"]
[EventDate "2014.12.05"]
[EventRounds "13"]
[EventCountry "IND"]

1. d4 e6 2. c4 f5 3. Nc3 Nf6 4. Qc2 b6 5. e3 Bb7 6. f3 c5 7. d5 exd5 8. Qxf5
dxc4 9. Bxc4 Nc6 10. Nh3 Qe7 11. Nf4 Qe5 12. Qh3 O-O-O 13. Nd3 Qe8 14. e4 Bd6
15. O-O Ne5 16. Nxe5 Bxe5 17. a4 a5 18. Ra3 Bc6 19. Nd5 Bxd5 20. exd5 Qh5 21.
Qxh5 Nxh5 22. Be3 Kc7 23. f4 Bd6 24. Bc1 Rde8 25. Raf3 Nf6 26. b3 Re4 27. Rg3
Nh5 28. Rgf3 Nf6 29. Bb2 Rhe8 30. Bd3 R4e7 31. Bxf6 gxf6 32. Rh3 Re3 33. Rff3
Re1+ 34. Kf2 c4 35. Bxh7 R8e2+ 36. Kg3 Rg1 37. Kg4 Rgxg2+ 38. Kf5 Rxh2 39. bxc4
Rxh3 40. Rxh3 Rf2 41. Rh4 Be7 42. Kg6 f5 43. Rh5 Rxf4 44. Kf7 Rh4 45. Rxh4
 1/2-1/2

[Event "SIB - CMS 52nd National Premier & Zone 3.7 Chess C"]
[Site "CMS College, Kottayam"]
[Date "2014.12.09"]
[Round "5"]
[Board "5"]
[White "Laxman, R.R."]
[Black "Sengupta, Deep"]
[Result "1/2-1/2"]
[WhiteElo "2408"]
[BlackElo "2566"]
[PlyCount "0"]
[EventDate "2014.12.05"]
[EventRounds "13"]
[EventCountry "IND"]

1. d4 d5 2. c4 e6 3. Nf3 Nf6 4. g3 dxc4 5. Bg2 a6 6. O-O Nc6 7. a4 Rb8 8. a5
Bb4 9. Qa4 O-O 10. Bd2 Bxd2 11. Nbxd2 Nxd4 12. Qxc4 Nxf3+ 13. Nxf3 Bd7 14. Rfd1
Bb5 15. Rxd8 Bxc4 16. Rxb8 Rxb8 17. Rc1 Bd5 18. Rxc7 Ne8 19. Rc2 f6 20. Ne1
Bxg2 21. Kxg2 Kf7 22. Nd3 Ke7 23. f4 Rd8 24. Kf3 Rd7 25. Rc8 Nd6 26. Rh8 h6 27.
b4 Ne8 28. Nc5 Rd4 29. Nd3 Rc4 30. Ke3 e5 31. fxe5 fxe5 32. Nxe5 Rxb4 33. Kd3
Rb3+ 34. Kd4 Rb4+ 35. Kd3 Rb3+ 36. Kd4 Nd6 37. Nd3 Rb5 38. e4 Rxa5 39. e5 Ra4+
40. Kc5 Ra5+ 41. Kd4 Ra4+ 42. Kc5 Ne4+ 43. Kb6 Ra3 44. Nf4 Rb3+ 45. Kc7 Ng5 46.
Rg8 Kf7 47. Rd8 Ne6+ 48. Nxe6 Kxe6 49. Re8+ Kf7 50. Rd8 g5 51. Rd6 Ke7 52. Rxh6
a5 53. h4 a4 54. hxg5 a3 55. Rh8 b5 56. Kc6 b4 57. Ra8 Ke6 58. Kc5 Kxe5 59. Kc4
Rb1 60. Ra6 Kf5 61. g6 Rg1 62. Kxb4 Rxg3 63. Rxa3 Rxg6 64. Ka4 Ke4 1/2-1/2

[Event "SIB - CMS 52nd National Premier & Zone 3.7 Chess C"]
[Site "CMS College, Kottayam"]
[Date "2014.12.09"]
[Round "5"]
[Board "6"]
[White "Swayams, Mishra"]
[Black "Sethuraman, S.P."]
[Result "1/2-1/2"]
[WhiteElo "2491"]
[BlackElo "2622"]
[PlyCount "0"]
[EventDate "2014.12.05"]
[EventRounds "13"]
[EventCountry "IND"]

1. f4 c5 2. Nf3 Nc6 3. e3 g6 4. Be2 Bg7 5. O-O Nf6 6. Qe1 d5 7. a4 O-O 8. Qh4
Bg4 9. Bb5 Nb4 10. c3 a6 11. Be2 Nc2 12. Ra2 d4 13. Bd3 Be6 14. b3 Bxb3 15.
Rxc2 c4 16. cxd4 cxd3 17. Rb2 Bxa4 18. Rxb7 Bc6 19. Rb3 Rb8 20. Rxb8 Qxb8 21.
Nc3 Bxf3 22. gxf3 Qb3 23. Qg5 e6 24. Qa5 Ra8 25. Ba3 Qc2 26. Rf2 h5 27. Be7 Rc8
28. Kg2 Ra8 29. Ba3 h4 30. Be7 Qc1 31. Qg5 Nh5 32. Ne4 a5 33. d5 h3+ 34. Kxh3
Qc8 35. Kg2 a4 36. Nd6 Qd7 37. dxe6 fxe6 38. Nc4 Kf7 39. Ba3 Bf6 40. Qc5 Rb8
41. Rf1 Kg8 42. Ne5 Bxe5 43. Qxe5 Rb5 44. Qe4 Kh7 45. Rc1 Nf6 46. Qa8 g5 47.
Qxa4 g4 48. Bd6 Kg6 49. Qc4 gxf3+ 50. Kxf3 e5 51. Rg1+ Kh7 52. fxe5 Qh3+ 53.
Kf2 Qf5+ 54. Qf4 Ne4+ 55. Kg2 Qxf4 56. exf4 Nxd2 57. Rd1 Rb2 58. f5 Kg7 59. h4
Nc4+ 60. Kf3 d2 61. h5 Rc2 62. Ke2 Rc3 63. Bc5 Rh3 64. Rg1+ Kh7 65. e6 Rh2+ 66.
Bf2 Nd6 67. e7 Ne8 68. Kf3 Rxh5 69. Kf4 Rh2 70. Bd4 d1=Q 71. Rxd1 Kg8 72. Kg3
Re2 73. f6 Kf7 74. Rf1 Re4 75. Rf4 Rxd4 76. Rxd4 Nxf6 77. Kf4 Kxe7 78. Kf5 Nd7
79. Rd2 Nc5 80. Ke5 Nd7+ 81. Kd5 Nf6+ 82. Kc6 Ke6 83. Re2+ Kf5 84. Kc5 Ne4+ 85.
Kd4 Nf6 86. Re5+ Kf4 87. Ra5 Ng4 88. Ra1 Kf5 89. Rf1+ Ke6 90. Rf3 Nf6 91. Rf4
Nd7 92. Rh4 Nf6 93. Rf4 Nd7 94. Rg4 Nf6 95. Rg5 Nd7 96. Ra5 Nf6 97. Re5+ Kd6
98. Re1 Nd7 99. Ra1 Ke6 100. Ra6+ Kf5 101. Rf6+ 1/2-1/2

[Event "SIB - CMS 52nd National Premier & Zone 3.7 Chess C"]
[Site "CMS College, Kottayam"]
[Date "2014.12.10"]
[Round "6"]
[Board "1"]
[White "Sengupta, Deep"]
[Black "Swayams, Mishra"]
[Result "1-0"]
[WhiteElo "2566"]
[BlackElo "2491"]
[PlyCount "0"]
[EventDate "2014.12.05"]
[EventRounds "13"]
[EventCountry "IND"]

1. d4 d5 2. c4 c6 3. Nf3 Nf6 4. Qc2 g6 5. e3 Bf5 6. Qb3 Qb6 7. Nbd2 Bg7 8. Nh4
Be6 9. Bd3 O-O 10. O-O dxc4 11. Bxc4 Bxc4 12. Qxc4 Nbd7 13. Nhf3 Qc7 14. b3
Rac8 15. Ba3 c5 16. dxc5 Nxc5 17. Rac1 b6 18. Bxc5 Qxc5 19. Qxc5 Rxc5 20. Rxc5
bxc5 21. Rc1 Nd7 22. Kf1 Rb8 23. Ne4 Rb5 24. Nfd2 Bb2 25. Rc2 Be5 26. Ke2 Bd6
27. Nc4 Bb8 28. Rd2 Rb7 29. Na5 Rc7 30. Nc3 c4 31. bxc4 Nf8 32. Rd8 Rc5 33. Nb7
Rxc4 34. Kd3 Rxc3+ 35. Kxc3 Bxh2 36. Ra8 Bg1 37. Nc5 Kg7 38. Nd3 g5 39. Rxa7 h5
40. a4 h4 41. Rb7 g4 42. Rb1 Bh2 43. a5 Ne6 44. Nf4 Nc7 45. Rh1 g3 46. fxg3
hxg3 47. Ra1 f5 48. a6 e5 49. Ne2 Nd5+ 50. Kb3 f4 51. a7 1-0

[Event "SIB - CMS 52nd National Premier & Zone 3.7 Chess C"]
[Site "CMS College, Kottayam"]
[Date "2014.12.10"]
[Round "6"]
[Board "2"]
[White "Girinath, P.D.S."]
[Black "Laxman, R.R."]
[Result "1/2-1/2"]
[WhiteElo "2333"]
[BlackElo "2408"]
[PlyCount "0"]
[EventDate "2014.12.05"]
[EventRounds "13"]
[EventCountry "IND"]

1. e4 e5 2. Nf3 Nc6 3. Bb5 a6 4. Ba4 Nf6 5. O-O Be7 6. Re1 b5 7. Bb3 O-O 8. c3
d6 9. h3 Bb7 10. d4 Re8 11. Ng5 Rf8 12. Nf3 Re8 13. Ng5 Rf8 14. Nf3 Re8 15. Ng5
 1/2-1/2

[Event "SIB - CMS 52nd National Premier & Zone 3.7 Chess C"]
[Site "CMS College, Kottayam"]
[Date "2014.12.10"]
[Round "6"]
[Board "3"]
[White "Lalith, Babu M.R."]
[Black "Grover, Sahaj"]
[Result "0-1"]
[WhiteElo "2547"]
[BlackElo "2505"]
[PlyCount "0"]
[EventDate "2014.12.05"]
[EventRounds "13"]
[EventCountry "IND"]

1. d4 Nf6 2. c4 e6 3. Nf3 c5 4. g3 cxd4 5. Nxd4 d5 6. Bg2 e5 7. Nb3 d4 8. O-O
Nc6 9. Bg5 Bg4 10. N1d2 Qd7 11. Bxf6 gxf6 12. Ne4 Be7 13. Nec5 Qc7 14. h3 Bc8
15. Qd2 a5 16. Na4 Be6 17. Nbc5 h5 18. h4 f5 19. e4 f4 20. Nxe6 fxe6 21. Bh3
Kf7 22. c5 Rag8 23. Kh2 Rh6 24. Qe2 Qd8 25. Rad1 Bxh4 26. gxh4 Qxh4 27. Qf3
Rhg6 28. Rd3 Nb4 29. Rfd1 Nxd3 30. Rxd3 Rg1 31. Rd2 Rf1 32. Qb3 Rxf2+ 33. Kh1
Rxd2 34. Qxe6+ Kg7 0-1

[Event "SIB - CMS 52nd National Premier & Zone 3.7 Chess C"]
[Site "CMS College, Kottayam"]
[Date "2014.12.10"]
[Round "6"]
[Board "4"]
[White "Kunte, Abhijit"]
[Black "Karthikeyan, P."]
[Result "1-0"]
[WhiteElo "2480"]
[BlackElo "2400"]
[PlyCount "0"]
[EventDate "2014.12.05"]
[EventRounds "13"]
[EventCountry "IND"]

1. d4 Nf6 2. c4 g6 3. g3 Bg7 4. Bg2 d5 5. cxd5 Nxd5 6. Nf3 Nb6 7. O-O O-O 8.
Nc3 Nc6 9. e3 Re8 10. Nh4 e5 11. d5 Na5 12. Rb1 e4 13. Nxe4 Nxd5 14. Qa4 b6 15.
b4 Nc4 16. Qc6 Ba6 17. Rd1 Ne7 18. Qa4 Bb5 19. Qc2 Nd6 20. Bb2 1-0

[Event "SIB - CMS 52nd National Premier & Zone 3.7 Chess C"]
[Site "CMS College, Kottayam"]
[Date "2014.12.10"]
[Round "6"]
[Board "5"]
[White "Vidit, Santosh Gujrathi"]
[Black "Shyam, Nikil P."]
[Result "1/2-1/2"]
[WhiteElo "2625"]
[BlackElo "2454"]
[PlyCount "0"]
[EventDate "2014.12.05"]
[EventRounds "13"]
[EventCountry "IND"]

1. d4 d5 2. c4 c6 3. Nc3 Nf6 4. e3 e6 5. Nf3 Nbd7 6. Qc2 Bd6 7. Bd3 dxc4 8.
Bxc4 O-O 9. O-O b5 10. Be2 Bb7 11. e4 e5 12. dxe5 Nxe5 13. Nd4 Neg4 14. g3 Bxg3
15. hxg3 Qxd4 16. Qd1 Qxd1 17. Rxd1 Rfe8 18. f3 Ne5 19. Be3 h5 20. Rd6 a5 21.
Bd4 Ng6 22. Kf2 Re6 23. Rxe6 fxe6 24. e5 Nd7 25. f4 Rf8 26. Bxh5 Ngxe5 27. b3
Nd3+ 28. Ke3 Nb4 29. Rd1 Nc2+ 30. Ke2 Nxd4+ 31. Rxd4 Nf6 32. Bg6 Nd5 33. Ne4
Rd8 34. Kf2 Kf8 35. Nc5 1/2-1/2

[Event "SIB - CMS 52nd National Premier & Zone 3.7 Chess C"]
[Site "CMS College, Kottayam"]
[Date "2014.12.10"]
[Round "6"]
[Board "6"]
[White "Rajesh, V A V"]
[Black "Deepan, Chakkravarthy J."]
[Result "0-1"]
[WhiteElo "2408"]
[BlackElo "2489"]
[PlyCount "0"]
[EventDate "2014.12.05"]
[EventRounds "13"]
[EventCountry "IND"]

1. d4 Nf6 2. c4 g6 3. Nc3 Bg7 4. e4 d6 5. h3 O-O 6. Nf3 e5 7. d5 Nh5 8. Be3 f5
9. Bd3 f4 10. Bd2 a5 11. a3 c5 12. dxc6 bxc6 13. b4 Kh8 14. O-O Bf6 15. b5 Ng7
16. Rb1 Ne6 17. Re1 h5 18. Be2 Ra7 19. b6 Rh7 20. Na4 Bb7 21. c5 d5 22. exd5
cxd5 23. Bb5 e4 24. Bxa5 Re7 25. Nd2 Nd4 26. Bc3 Nxb5 27. Bxf6+ Rxf6 28. Rxb5
d4 29. Nc4 Qd5 30. Na5 f3 31. Nxb7 Qg5 32. g3 Nc6 33. Nd6 e3 34. Kh2 h4 35. b7
hxg3+ 36. fxg3 f2 37. b8=Q+ Nxb8 38. Rxb8+ Kh7 39. Re8 Rxe8 40. Nxe8 Rf8 41.
Rf1 Rxe8 42. Qxd4 e2 43. Rxf2 Qe7 44. Nc3 e1=Q 45. Nd5 Rf8 46. Nf6+ Rxf6 47.
Qxf6 Qxf6 48. Rxf6 Qd2+ 49. Kg1 Qc3 50. Rf7+ Kg8 51. Rf2 Qxg3+ 52. Rg2 Qxh3 53.
Rxg6+ Kf7 54. Rg2 Qxa3 55. c6 Qc1+ 56. Kh2 Qxc6 57. Kg3 Kf6 58. Rf2+ Kg5 59.
Rf3 Qe4 60. Rf2 Qe3+ 61. Kg2 Kg4 62. Kf1 Qe4 63. Re2 Qh1+ 64. Kf2 Kf4 65. Rd2
Qh2+ 66. Ke1 Qg1+ 67. Ke2 Ke4 68. Rc2 Qg2+ 69. Kd1 Qf1+ 70. Kd2 Kd4 71. Rb2
Qf2+ 72. Kc1 Qe1+ 73. Kc2 Kc4 74. Ra2 Qe2+ 75. Kb1 Qd1+ 76. Kb2 Kb4 77. Ra1
Qd2+ 78. Kb1 Kb3 79. Ra3+ Kxa3 0-1

[Event "SIB - CMS 52nd National Premier & Zone 3.7 Chess C"]
[Site "CMS College, Kottayam"]
[Date "2014.12.12"]
[Round "7"]
[Board "1"]
[White "Shyam, Nikil P."]
[Black "Rajesh, V A V"]
[Result "1-0"]
[WhiteElo "2454"]
[BlackElo "2408"]
[PlyCount "0"]
[EventDate "2014.12.05"]
[EventRounds "13"]
[EventCountry "IND"]

1. e4 e5 2. Nf3 Nc6 3. Bb5 a6 4. Ba4 Nf6 5. O-O Be7 6. Re1 b5 7. Bb3 d6 8. c3
O-O 9. d4 Bg4 10. Be3 exd4 11. cxd4 Na5 12. Bc2 Nc4 13. Bc1 c5 14. b3 Nb6 15.
Bb2 cxd4 16. Nbd2 Rc8 17. Qb1 Bh5 18. Nxd4 Bg6 19. Bd3 Nfd7 20. a4 Nc5 21. axb5
axb5 22. Bxb5 Bg5 23. Qd1 Bxd2 24. Qxd2 Nxe4 25. Rxe4 Bxe4 26. f3 Bd5 27. Nf5
f6 28. Re1 Rc5 29. Qd3 Bf7 30. b4 Rc7 31. Qd4 Nc8 32. Ba6 Na7 33. b5 Rd7 34.
Rc1 Be6 35. b6 Bxf5 36. Qd5+ Kh8 37. Bd4 Qe7 38. Qxf5 d5 39. Bc5 Rd6 40. bxa7
Qe8 41. Bb7 Re6 42. Bf2 1-0

[Event "SIB - CMS 52nd National Premier & Zone 3.7 Chess C"]
[Site "CMS College, Kottayam"]
[Date "2014.12.12"]
[Round "7"]
[Board "2"]
[White "Karthikeyan, P."]
[Black "Vidit, Santosh Gujrathi"]
[Result "1/2-1/2"]
[WhiteElo "2400"]
[BlackElo "2625"]
[PlyCount "0"]
[EventDate "2014.12.05"]
[EventRounds "13"]
[EventCountry "IND"]

1. e4 c5 2. Nf3 Nc6 3. d4 cxd4 4. Nxd4 Qb6 5. Nb3 Nf6 6. Nc3 e6 7. Qe2 Bb4 8.
Bd2 O-O 9. a3 Be7 10. O-O-O d5 11. exd5 exd5 12. Be3 Qc7 13. Kb1 Rd8 14. f3 Be6
15. Nb5 Qe5 16. N5d4 h5 17. g3 a5 18. Qf2 Qb8 19. Nxe6 fxe6 20. Bh3 e5 21. Bb6
Rd6 22. Bc5 Rd8 23. Bb6 Rd6 24. Bc5 Rd8 25. Bb6 Rd6 1/2-1/2

[Event "SIB - CMS 52nd National Premier & Zone 3.7 Chess C"]
[Site "CMS College, Kottayam"]
[Date "2014.12.12"]
[Round "7"]
[Board "3"]
[White "Grover, Sahaj"]
[Black "Kunte, Abhijit"]
[Result "1-0"]
[WhiteElo "2505"]
[BlackElo "2480"]
[PlyCount "0"]
[EventDate "2014.12.05"]
[EventRounds "13"]
[EventCountry "IND"]

1. e4 e5 2. Nf3 Nc6 3. Bb5 a6 4. Ba4 Nf6 5. O-O Be7 6. d3 d6 7. c3 O-O 8. Re1
b5 9. Bc2 Re8 10. Nbd2 Bf8 11. Nf1 Ne7 12. a4 Bd7 13. axb5 axb5 14. Rxa8 Qxa8
15. d4 Ng6 16. Bg5 Qd8 17. dxe5 dxe5 18. Bxf6 gxf6 19. Ne3 Be6 20. Qe2 c6 21.
g3 Qc8 22. h4 Ne7 23. Nh2 Kh8 24. Qh5 Qc7 25. Nd5 cxd5 26. exd5 Ng6 27. dxe6
Rxe6 28. Qf5 e4 29. Rxe4 Rxe4 30. Bxe4 Qe5 31. Qf3 Be7 32. Ng4 Qh5 33. Bf5 Kg7
34. Kg2 Bd8 35. b4 Ne7 36. Ne3 Qxf3+ 37. Kxf3 Bc7 38. Ke4 Be5 39. Kd3 Nxf5 40.
Nxf5+ Kg6 41. g4 h5 42. f3 1-0

[Event "SIB - CMS 52nd National Premier & Zone 3.7 Chess C"]
[Site "CMS College, Kottayam"]
[Date "2014.12.12"]
[Round "7"]
[Board "4"]
[White "Laxman, R.R."]
[Black "Lalith, Babu M.R."]
[Result "0-1"]
[WhiteElo "2408"]
[BlackElo "2547"]
[PlyCount "0"]
[EventDate "2014.12.05"]
[EventRounds "13"]
[EventCountry "IND"]

1. d4 Nf6 2. c4 e6 3. Nf3 d5 4. Bg5 Nbd7 5. Nc3 c6 6. e3 Qa5 7. Bxf6 Nxf6 8.
Bd3 Bb4 9. Qb3 c5 10. O-O dxc4 11. Bxc4 O-O 12. a3 Bxc3 13. bxc3 b6 14. a4 Ne4
15. Rfc1 Nd6 16. Ne5 Bb7 17. Be2 Rac8 18. Bf3 Bxf3 19. Nxf3 Rc7 20. Qa2 cxd4
21. cxd4 Rfc8 22. Rxc7 Rxc7 23. h3 h6 24. Qa3 Ne4 25. Qd3 Nc3 26. Ne5 b5 27.
Qd2 b4 28. Nd3 Qb6 29. Nc5 e5 30. Qd3 Qd6 31. Qa6 Qxa6 32. Nxa6 Rc4 33. Nc5
exd4 34. exd4 Ne2+ 35. Kf1 Nxd4 36. Nd3 a5 37. Rc1 Rxc1+ 38. Nxc1 Kf8 39. Ke1
Ke7 40. Kd2 Kd6 41. Nd3 Kd5 42. Nb2 Ne6 0-1

[Event "SIB - CMS 52nd National Premier & Zone 3.7 Chess C"]
[Site "CMS College, Kottayam"]
[Date "2014.12.12"]
[Round "7"]
[Board "5"]
[White "Swayams, Mishra"]
[Black "Girinath, P.D.S."]
[Result "1-0"]
[WhiteElo "2491"]
[BlackElo "2333"]
[PlyCount "0"]
[EventDate "2014.12.05"]
[EventRounds "13"]
[EventCountry "IND"]

1. d4 e6 2. c4 b6 3. e4 Bb7 4. Bd3 Nc6 5. Ne2 Nb4 6. Nbc3 Nxd3+ 7. Qxd3 d6 8.
f4 Qd7 9. O-O Ne7 10. Ng3 h5 11. d5 h4 12. Nge2 g6 13. Qd4 Rh7 14. Be3 c5 15.
Qd3 f5 16. Rfd1 exd5 17. exd5 h3 18. g4 O-O-O 19. g5 Re8 20. Bf2 Kb8 21. Rab1
Nc8 22. b4 Qg7 23. a4 Qh8 24. a5 Rhe7 25. Ng3 Qh4 26. Qf3 Qh8 27. Nce2 Bg7 28.
Rd2 Qg8 29. Ra2 Rc7 30. axb6 Nxb6 31. bxc5 dxc5 32. Qa3 Nxc4 33. Qxa7+ Kc8 34.
Rxb7 Rxb7 35. Qxc5+ Kb8 36. Qxc4 Rc8 37. Qd3 Qe8 38. Qa6 Rb1+ 39. Nf1 Kc7 40.
Rc2+ Kd7 41. Qe6+ 1-0

[Event "SIB - CMS 52nd National Premier & Zone 3.7 Chess C"]
[Site "CMS College, Kottayam"]
[Date "2014.12.12"]
[Round "7"]
[Board "6"]
[White "Sethuraman, S.P."]
[Black "Sengupta, Deep"]
[Result "1-0"]
[WhiteElo "2622"]
[BlackElo "2566"]
[PlyCount "0"]
[EventDate "2014.12.05"]
[EventRounds "13"]
[EventCountry "IND"]

1. c4 e6 2. d4 Nf6 3. Nf3 d5 4. Nc3 Be7 5. Qc2 c5 6. cxd5 exd5 7. dxc5 d4 8.
Na4 Nd5 9. a3 Bf6 10. e4 dxe3 11. fxe3 Bd7 12. Bc4 Qa5+ 13. Bd2 Qxa4 14. Qxa4
Bxa4 15. Bxd5 Bc6 16. e4 Nd7 17. Bxc6 bxc6 18. O-O-O Nxc5 19. Bb4 Ne6 20. Bd6
h5 21. Rd3 Rh6 22. Rhd1 Rg6 23. g3 Rg4 24. e5 Bd8 25. Kb1 Bb6 26. Nh4 Nd4 27.
Re1 c5 28. h3 Rg5 29. Re4 Nf5 30. Nxf5 Rxf5 31. g4 hxg4 32. hxg4 Rf1+ 33. Ka2
g5 34. e6 fxe6 35. Rxe6+ Kf7 36. Re7+ Kg8 37. Rd5 Rd8 38. Rxg5+ Kf8 39. Rd7+
Ke8 40. Re7+ Kf8 41. Re1+ Rxd6 42. Rxf1+ Ke8 43. Rg8+ Kd7 44. g5 Rd2 45. g6 Rg2
46. Rf7+ Kd6 47. g7 c4 48. Rb8 1-0

[Event "SIB - CMS 52nd National Premier & Zone 3.7 Chess C"]
[Site "CMS College, Kottayam"]
[Date "2014.12.13"]
[Round "8"]
[Board "1"]
[White "Girinath, P.D.S."]
[Black "Sethuraman, S.P."]
[Result "0-1"]
[WhiteElo "2333"]
[BlackElo "2622"]
[PlyCount "0"]
[EventDate "2014.12.05"]
[EventRounds "13"]
[EventCountry "IND"]

1. e4 c5 2. Nf3 e6 3. b3 a6 4. Bb2 Nc6 5. Bd3 Nf6 6. e5 Nd5 7. O-O d6 8. Be4
dxe5 9. Nxe5 Nxe5 10. Bxe5 Nf6 11. Bf3 Be7 12. Na3 O-O 13. Nc4 Nd5 14. a4 Bd7
15. Bb2 Bf6 16. Bxf6 Qxf6 17. Re1 Rad8 18. Ne5 Bc8 19. Qe2 Nb4 20. d3 Qe7 21.
a5 f6 22. Nc4 e5 23. Qd2 Be6 24. Nb6 Qc7 25. Qc3 Rd4 26. Re2 Rfd8 27. Rae1 Bf7
28. Re4 Qd6 29. R4e3 Qe7 30. g3 Qc7 31. Bg2 h5 32. h4 Bg6 33. Be4 Bxe4 34. Rxe4
Qd6 35. Nc4 Qf8 36. Qd2 Nc6 37. Qe2 Qf7 38. Qe3 Ne7 39. Qf3 Nc6 40. Kg2 R4d7
41. Qe2 Nd4 42. Qd1 Qg6 43. Kh2 Nc6 44. Qf3 Rc7 45. Qd1 Nd4 46. Kg2 Qf5 47. Ne3
Qe6 48. Nc4 Qd5 49. Ne3 Qf7 50. Nc4 g6 51. Qd2 Qd5 52. f3 Rg7 53. Qf2 Rf8 54.
Nb6 Qc6 55. c3 Ne6 56. c4 Rd8 57. R1e3 Nd4 58. Kh2 Nf5 59. Nd5 Nxe3 60. Qxe3
Rxd5 61. cxd5 Qxd5 62. Rc4 Rc7 63. b4 Kg7 64. bxc5 Rd7 65. Kg2 Qc6 66. Rb4 Rc7
67. d4 exd4 68. Qxd4 Re7 69. Rb6 Re2+ 0-1

[Event "SIB - CMS 52nd National Premier & Zone 3.7 Chess C"]
[Site "CMS College, Kottayam"]
[Date "2014.12.13"]
[Round "8"]
[Board "2"]
[White "Lalith, Babu M.R."]
[Black "Swayams, Mishra"]
[Result "0-1"]
[WhiteElo "2547"]
[BlackElo "2491"]
[PlyCount "0"]
[EventDate "2014.12.05"]
[EventRounds "13"]
[EventCountry "IND"]

1. d4 e6 2. Nf3 Nf6 3. c4 c5 4. d5 exd5 5. cxd5 Bd6 6. Nc3 O-O 7. g3 Bc7 8. Bg2
d6 9. O-O Ba5 10. Nd2 Re8 11. a4 b6 12. Nc4 Bxc3 13. bxc3 Ba6 14. Qb3 Rxe2 15.
Bf4 Bxc4 16. Qxc4 Re8 17. a5 bxa5 18. Qb5 Qb6 19. Qxa5 Nbd7 20. Qa4 Ne5 21.
Rfb1 Qc7 22. Qa6 Rab8 23. Re1 Rb6 24. Qa4 h6 25. h3 Re7 26. g4 Nd3 27. Rxe7
Qxe7 28. Bg3 a6 29. Qc4 Ne5 30. Qe2 Ng6 31. Qc2 Nd7 32. Be4 Qg5 33. Qe2 Nf6 34.
Bf5 Nxd5 35. Qe8+ Nf8 36. c4 Nc7 37. Qc8 Qe7 38. Kf1 Nce6 39. Rxa6 Rxa6 40.
Qxa6 Nd4 41. Bd3 Qf6 42. Be4 Nf3 43. Bd5 Ne5 44. Qc8 g5 45. Qe8 Kg7 46. Bxe5
dxe5 47. Be4 Qf4 48. Bd5 Ng6 49. Kg2 Qf6 50. Be4 Nf4+ 51. Kg3 Qd6 52. Qc8 Qd1
 0-1